MARC

Tag First Indicator Second Indicator Subfields
LEADER 00000cam a2200000 a 4500
001 in00000031953
005 20151007055003.0
008 880224s1987 be b i00000 eng
010 |a  88114547  
020 |a 9282572684 (pbk.) 
035 |a (OCoLC)16103319 
035 |9 AAB6855AM 
040 |a DLC  |c DLC  |d TXA  |d UtOrBLW 
043 |a e------ 
049 |a TXAM  |c [A11532245] 
050 0 0 |a HD1920.5  |b .M35 1987 
082 0 |a 338.1/3/0723  |2 19 
245 0 0 |a Manual on economic accounts for agriculture and forestry. 
264 1 |a Luxembourg :  |b Office for Official Publications of the European Communities ;  |c 1987. 
264 2 |a Washington, DC :  |b European Community Information Service [distributor], 
300 |a 132 pages ;  |c 30 cm. 
336 |a text  |b txt  |2 rdacontent 
337 |a unmediated  |b n  |2 rdamedia 
338 |a volume  |b nc  |2 rdacarrier 
490 1 |a Theme 5--Agriculture, forestry, and fisheries. Series E, Methods 
500 |a On cover: Eurostat. 
504 |a Includes bibliographical references and index. 
650 0 |a Agriculture  |x Economic aspects  |z European Economic Community countries  |x Data processing. 
650 0 |a Forests and forestry  |x Economic aspects  |z European Economic Community countries  |x Data processing. 
650 0 |a National income  |z European Economic Community countries  |x Accounting. 
710 2 |a Statistical Office of the European Communities. 
830 0 |a Theme 5--Agriculture, forestry, and fisheries.  |n Series E,  |p Methods. 
999 |a MARS 
999 f f |s 3ac6f87b-983a-3beb-936b-2c504d85da8f  |i 5d7cf350-5263-3d7d-bed8-1644a0ef1726  |t 0 
952 f f |p ric  |a Texas A&M University  |b Rellis Campus  |c Joint Library Facility  |d Remote Storage  |t 0  |e HD1920.5 .M35 1987  |h Library of Congress classification  |i unmediated -- volume  |m A14811532245 
998 f f |a HD1920.5 .M35 1987  |t 0  |l Remote Storage